Radio reciver design Part.1 / (Record no. 183500)
[ view plain ]
| 000 -LEADER | |
|---|---|
| fixed length control field | 00763 a2200181 4500 |
| 003 - CONTROL NUMBER IDENTIFIER | |
| control field | Nust |
| 005 - DATE AND TIME OF LATEST TRANSACTION | |
| control field | 20221222121911.0 |
| 040 ## - CATALOGING SOURCE | |
| Transcribing agency | Nust |
| 082 ## - DEWEY DECIMAL CLASSIFICATION NUMBER | |
| Classification number | 621.38418,STU |
| 100 ## - MAIN ENTRY--PERSONAL NAME | |
| Personal name | K. R. Sturley |
| 9 (RLIN) | 105647 |
| 245 ## - TITLE STATEMENT | |
| Title | Radio reciver design Part.1 / |
| Statement of responsibility, etc. | K. R. Sturley |
| 250 ## - EDITION STATEMENT | |
| Edition statement | 2nd edition |
| 260 ## - PUBLICATION, DISTRIBUTION, ETC. | |
| Place of publication, distribution, etc. | London |
| Name of publisher, distributor, etc. | CHAPMAN AND HALL |
| Date of publication, distribution, etc. | 1953 |
| 300 ## - PHYSICAL DESCRIPTION | |
| Extent | 667p |
| 505 ## - FORMATTED CONTENTS NOTE | |
| Formatted contents note | General Considerations (Page-1), Valves (Page-50), Aerials and Aerial Coupling Circuits (Page-123), Radio Frequency Amplification (Page-214), Frequency Changing (Page-290), Frequency Changing (Page-294), Oscillators for Superheterodyne Reception (Page-373), Intermediate Frequency Amplification (Page-439), Detection (Page-551), |
| 650 ## - SUBJECT ADDED ENTRY--TOPICAL TERM | |
| Topical term or geographic name entry element | Radio reciver design |
| 9 (RLIN) | 105648 |
| 942 ## - ADDED ENTRY ELEMENTS (KOHA) | |
| Source of classification or shelving scheme | |
| Koha item type | Book |
| Withdrawn status | Lost status | Source of classification or shelving scheme | Damaged status | Not for loan | Permanent Location | Current Location | Shelving location | Date acquired | Full call number | Barcode | Date last seen | Price effective from | Koha item type | Public note |
|---|---|---|---|---|---|---|---|---|---|---|---|---|---|---|
| Military College of Signals (MCS) | Military College of Signals (MCS) | General Stacks | 12/12/2016 | 621.38418,STU | MCS21269 | 12/08/2016 | 12/12/2016 | Book | Almirah No.39, Shelf No.1 | |||||
| Military College of Signals (MCS) | Military College of Signals (MCS) | General Stacks | 12/12/2016 | 621.3848,STU | MCS6620 | 12/08/2016 | 12/12/2016 | Book | Almirah No.84, Shelf No.3 | |||||
| Military College of Signals (MCS) | Military College of Signals (MCS) | General Stacks | 12/12/2016 | 621.38418,STU | MCS6807 | 12/08/2016 | 12/12/2016 | Book | Almirah No.39, Shelf No.1 | |||||
| Military College of Signals (MCS) | Military College of Signals (MCS) | General Stacks | 12/12/2016 | 621.38418,STU | MCS7002 | 12/08/2016 | 12/12/2016 | Book | Almirah No.39, Shelf No.1 | |||||
| Military College of Signals (MCS) | Military College of Signals (MCS) | General Stacks | 12/12/2016 | 621.3848,STU | MCS6782 | 12/08/2016 | 12/12/2016 | Book | Almirah No.84, Shelf No.3 | |||||
| Military College of Signals (MCS) | Military College of Signals (MCS) | General Stacks | 12/12/2016 | 621.38418,STU | MCS7096 | 12/08/2016 | 12/12/2016 | Book | Almirah No.39, Shelf No.1 |
